Major Divisions of Antigua and Barbuda - Statistics

General Stats
  • This quiz has been taken 5 times
  • The average score is 19 of 58
Answer Stats
Parish Population Major Division % Correct
St. Philip 591 Freetown
75%
Barbuda 417 Rest of Barbuda
75%
St. Philip 118 Rest of St. Philip
75%
Barbuda 924 Codrington
50%
St. Philip 366 Glanvilles
50%
St. Philip 454 Newfields
50%
St. George 1547 Rest of St. George
50%
St. John 8879 Rest of St. John
50%
St. Mary 147 Rest of St. Mary
50%
St. Paul 1061 Rest of St. Paul
50%
St. Peter 330 Rest of St. Peter
50%
St. Philip 379 Seatons
50%
St. Philip 983 Willikies
50%
St. Peter 1744 All Saints Northeast
25%
St. Peter 1019 All Saints Northwest
25%
St. Paul 475 All Saints South
25%
St. George 661 Barnes Hill
25%
St. John 1012 Bendals
25%
St. Paul 408 Bethesda
25%
St. Mary 1565 Bolans
25%
St. John 857 Branns Hamlet
25%
St. John 733 Browns Avenue
25%
St. John 542 Buckleys
25%
St. John 752 Cedar Grove
25%
St. John 310 City Center
25%
St. John 1125 Clare Hall
25%
St. John 1143 Cooks Hill
25%
St. John 1188 Desouza Road
25%
St. Paul 2153 Liberta
25%
St. Mary 1603 Ebenezer Jennings
25%
St. Paul 683 English Harbor
25%
St. Paul 286 Falmouth
25%
St. John 689 Freemans Village
25%
St. John 1352 Grays Farm
25%
St. John 2120 Green Bay
25%
St. Mary 350 John Hughes Sawcolts
25%
St. Mary 272 Johnsons Point
25%
St. John 1569 Kentish
25%
St. John 1184 Lower Villa
25%
St. John 1100 Michael's Mount
25%
St. George 730 New Winthropes
25%
St. John 1419 North Coast
25%
St. Mary 1040 Nut Grove
25%
St. Mary 905 Old Road
25%
St. Peter 513 Pares
25%
St. Peter 1244 Parham
25%
St. George 1222 Piggotts
25%
St. John 1034 Point
25%
St. John 1715 Potters
25%
St. John 761 Princess Margaret
25%
St. John 821 Radio Range
25%
St. George 1400 Sea View Farm
25%
St. John 1993 Sutherlands Development
25%
St. Paul 1539 Swetes
25%
St. John 1457 Upper Fort Road
25%
St. John 955 Upper Gambles
25%
St. Mary 761 Urlings
25%
St. John 1534 Villa
25%
No matching quizzes found
Score Distribution
Percent of People with Each Score
Percentile by Number Answered
Your Score History
You have not taken this quiz